La revelación del tercer secreto de Fátima: el escándalo de Peñablanca. La conspiración del silencio y la vida secreta de Karole Romanov

Guardat en:
Dades bibliogràfiques
Autor principal: Cancino, Jorge (Autor)
Format: Llibre
Idioma:espanyol
Publicat: Floricanto 2012
Matèries:
Etiquetes: Afegir etiqueta
Sense etiquetes, Sigues el primer a etiquetar aquest registre!

MARC

LEADER 00000cam a2200000 a 4500
001 UCF3698
003 CL-VaPUC
008 121025e20120000US |||||||||||||||||spa|d
020 |a 9781888205398 
082 0 4 |a 236  |b CAN  |2 21 
100 0 |a Cancino, Jorge  |e author  |9 565441 
245 1 3 |a La revelación del tercer secreto de Fátima: el escándalo de Peñablanca. La conspiración del silencio y la vida secreta de Karole Romanov 
246 1 3 |a El milagro del sol y el aviso del fin del mundo 
300 |a 224 p 
942 |c BK 
945 |d 20121025 00:00:00  |a dcastane 
260 |b Floricanto  |c 2012 
600 0 7 |a VIRGEN DE FATIMA  |2 CL-VaPUC  |9 540976 
650 0 |a Escatología  |9 314395 
650 0 |a Mariología   |9 365249 
650 7 |a CULTO MARIANO  |2 CL-VaPUC  |9 565442 
650 7 |a TEOLOGIA MARIANA  |2 CL-VaPUC  |9 315731 
583 |a last modification  |c 20121025 12:11:00  |k Rodrigo Vera 
999 |c 349877  |d 349875 
952 |0 0  |1 0  |4 0  |6 236_000000000000000_CAN_2012  |7 0  |8 A  |9 452755  |a BIBTEO  |b BIBTEO  |d 2019-11-22  |i 4919432  |o 236 CAN 2012  |p 4919432  |r 2025-01-17  |w 2019-11-22  |y BK  |k ICR